Cơ sở lý luận báo chí truyền thông
Enregistré dans:
| Auteur principal: | |
|---|---|
| Format: | Livre |
| Langue: | Undetermined |
| Publié: |
Hà Nội
Đại học Quốc gia Hà Nội
2007
|
| Sujets: | |
| Tags: |
Ajouter un tag
Pas de tags, Soyez le premier à ajouter un tag!
|
| Thư viện lưu trữ: | Trung tâm Học liệu Trường Đại học Cần Thơ |
|---|
| LEADER | 00599nam a2200193Ia 4500 | ||
|---|---|---|---|
| 001 | CTU_131094 | ||
| 008 | 210402s9999 xx 000 0 und d | ||
| 020 | |c 29000 | ||
| 082 | |a 070.1 | ||
| 082 | |b S464 | ||
| 100 | |a Dương, Xuân Sơn | ||
| 245 | 0 | |a Cơ sở lý luận báo chí truyền thông | |
| 245 | 0 | |c Dương Xuân Sơn,Đinh Văn Hường, Trần Quang | |
| 260 | |a Hà Nội | ||
| 260 | |b Đại học Quốc gia Hà Nội | ||
| 260 | |c 2007 | ||
| 650 | |a Journalism | ||
| 904 | |i Hiếu | ||
| 980 | |a Trung tâm Học liệu Trường Đại học Cần Thơ | ||